000 00370nam a2200133Ia 4500
005 20260328104315.0
008 260328s9999||||xx |||||||||||||| ||und||
100 _aBustamante, Manuel
245 0 _aForma y Espacio :
_b Representación Gráfica /
_cManuel Bustamante
260 _bUniversidad Iberoamericana
300 _a221 p.
650 _aAXONOMETRICO
942 _cBK
999 _c11113
_d11113